书目信息 |
| 题名: |
毛主席纪念堂
|
|
| 作者: | ;中国建筑工业出版社 , 国家基本建设委员会建筑科学研究院 编 | |
| 分册: | ||
| 出版信息: | 北京 中国建筑工业出版社 1978 |
|
| 页数: | 107页 | |
| 开本: | 38cm | |
| 丛书名: | ||
| 单 册: | ||
| 中图分类: | G269.26--64 | |
| 科图分类: | ||
| 主题词: | 毛主席纪念堂--摄影集 | |
| 电子资源: | ||
| ISBN: | ||
| 000 | 00795nam0 2200229 45 | |
| 001 | 0178002815 | |
| 005 | 20060804091637.01 | |
| 010 | @dCNY6.40 | |
| 091 | @aCN@b15040.3500 | |
| 100 | @a19950718d1978 em y0chiy0121 ea | |
| 101 | 0 | @achi |
| 102 | @aCN@b110000 | |
| 105 | @aa z 000yy | |
| 200 | 10 | @a毛主席纪念堂@Amao zhu xi ji nian tang@e画册@f中国建筑工业出版社,国家基本建设委员会建筑科学研究院编 |
| 210 | @a北京@c中国建筑工业出版社@d1978 | |
| 215 | @a107页@d38cm | |
| 606 | @a毛主席纪念堂@x摄影集 | |
| 690 | @aG269.26--64@v3 | |
| 711 | 02 | @a中国建筑工业出版社@Azhong guo jian zhu gong ye chu ban she@4编 |
| 711 | 02 | @a国家基本建设委员会建筑科学研究院@Aguo jia ji ben jian she wei yuan hui jian zhu ke xue yan jiu yuan@4编 |
| 801 | 0 | @aCN@bTSSF@c20060804 |
| 905 | @a10447@dG269.26--64@e15 | |
| 毛主席纪念堂:画册/中国建筑工业出版社,国家基本建设委员会建筑科学研究院编.-北京:中国建筑工业出版社,1978 |
| 107页;38cm |
| ISBN :CNY6.40 |
| ● |
| 相关链接 |
|
|
|
|
正题名:毛主席纪念堂
索取号:G269.26--64/15
 
预约/预借
| 序号 | 登录号 | 条形码 | 馆藏地/架位号 | 状态 | 备注 |
| 1 | 0446808 | 204468085 | 密集书库/ [索取号:G269.26--64/15] | 在馆 | |
| 2 | 0446809 | 204468094 | 密集书库/ [索取号:G269.26--64/15] | 在馆 |